Central Library OPAC University of Rajshahi

Women oppression and human rights violation : (Record no. 82852)

MARC details
000 -LEADER
fixed length control field 00961nam a22002417a 4500
001 - CONTROL NUMBER
RUCL Control Number 82852
003 - CONTROL NUMBER IDENTIFIER
rucl marc code BD-RjUL
005 - DATE AND TIME OF LATEST TRANSACTION
control field 20240129183816.0
008 - FIXED-LENGTH DATA ELEMENTS--GENERAL INFORMATION
fixed length control field 240129s2006 bg a|||| m||| 00| 0 eng d
035 ## - SYSTEM CONTROL NUMBER
system control number (BD-RjUL)82852
040 ## - CATALOGING SOURCE
Original cataloging agency BD-RjUL
Language of cataloging eng
Transcribing agency BD-RjUL
Modifying agency BD-RjUL
041 ## - LANGUAGE CODE
Language code of Book eng
082 ## - DEWEY DECIMAL CLASSIFICATION NUMBER
DDC Edition number 23
Classification number 341.48095492
Author mark and Year MAW 2006
100 ## - MAIN ENTRY--PERSONAL NAME
Personal name Mazid, Md. Abdul
9 (RLIN) 1766
245 10 - TITLE STATEMENT
Title Women oppression and human rights violation :
Remainder of title A legal study on the acid burn victims in Bangladesh /
Statement of responsibility, etc By Md. Abdul Mazid ;
Name of Supervisor/Co-Supervisor Supervisor : M. Rabiul Hossain
260 ## - PUBLICATION, DISTRIBUTION, ETC. (IMPRINT)
Place of publication, distribution, etc Rajshahi :
Name of publisher, distributor, etc Institute of Bangladesh Studies, University of Rajshahi,
Date of publication, distribution, etc 2006
300 ## - PHYSICAL DESCRIPTION
Pagination xxxiv, 445 leaves :
Other physical details ill, ;
Dimensions 29.cm.
502 ## - DISSERTATION NOTE
Dissertation note Thesis (Ph. D.) -- Institute of Bangladesh Studies, University of Rajshahi, 2006
504 ## - BIBLIOGRAPHY, ETC. NOTE
Bibliography, etc Bibliography : Leaves 370 - 389
650 ## - SUBJECT ADDED ENTRY--TOPICAL TERM
Topical term or geographic name as entry element Human rights
Form subdivision Law of nations
Geographic subdivision Bangladesh
9 (RLIN) 10059
700 ## - ADDED ENTRY--SUPERVISOR/CO-SUPERVISOR NAME
Personal name Hossain, M. Rabiul, Supervisor
9 (RLIN) 1937
942 ## - ADDED ENTRY ELEMENTS (KOHA)
Source of classification or shelving scheme Dewey Decimal Classification
Koha item type Theses
Holdings
Source of classification or shelving scheme Damaged status Not for loan Collection code Permanent Location Current Location Shelving location Date of accession Source of acquisition Total Checkouts Full call number Barcode Date last seen Copy number Thesis
Dewey Decimal Classification   Not For Loan Theses Central Library, University of Rajshahi Central Library, University of Rajshahi Documentation Section 11/02/2007 Controller of Exam. R. U.   THE 341.48095492 MAW 2006 D2568 29/01/2024 C-1 Theses